Figure out the song - Taylor Swift #2 - Statistics

General Stats
  • This quiz has been taken 10,173 times
  • The average score is 197 of 368
Answer Stats
Answer % Correct
i
99%
a
97%
you
96%
the
93%
me
90%
we
87%
an
85%
he
85%
be
81%
to
81%
on
79%
where
79%
your
79%
and
78%
in
78%
it
78%
do
76%
my
76%
so
71%
is
69%
of
66%
what
66%
for
64%
i'm
64%
that
63%
are
61%
know
60%
all
59%
this
58%
it's
56%
one
56%
us
56%
if
55%
see
55%
but
54%
don't
53%
mine
53%
now
53%
oh
51%
time
51%
can't
50%
would
50%
out
46%
been
45%
just
45%
day
44%
here
43%
from
42%
i'd
42%
every
39%
hand
39%
long
39%
house
37%
life
37%
meet
36%
ivy
35%
yeah
35%
does
34%
eyes
34%
he's
34%
only
34%
yours
34%
covered
33%
we'll
33%
goes
32%
live
32%
tell
32%
wish
32%
grows
31%
or
31%
stop
31%
palm
30%
wait
30%
found
29%
goddamn
29%
meets
29%
room
29%
sit
29%
how's
28%
pain
28%
spirit
28%
stone
28%
another
27%
dark
27%
fits
27%
freezing
27%
land
27%
old
27%
bones
26%
promised
26%
roots
26%
run
26%
die
25%
dreamland
25%
fight
25%
gonna
25%
putting
25%
snow
25%
started
25%
touch
25%
war
25%
burn
24%
fear
24%
glow
24%
living
24%
taking
24%
wants
24%
fire
23%
ground
23%
what's
23%
faith-forgotten
22%
makes
22%
watch
22%
wine
22%
brought
21%
cursed
21%
drink
21%
grand
21%
grieving
21%
incandescent
21%
loose
21%
near
21%
opal
21%
spring
21%
tarnished
21%
become
20%
blaze
20%
breaks
20%
forth
20%
husband's
20%
magnificently
20%
moon
20%
widow
20%
fatal
19%
flaw
19%
blooms
18%
clear
18%
clover
18%
moments
18%
stole
18%
begged
17%
borrowed
17%
fields
17%
coast
16%
dare
16%
crescent
15%
coverd
3%
No matching quizzes found
Score Distribution
Percent of People with Each Score
Percentile by Number Answered
Your Score History
You have not taken this quiz